000 02381nam a2200481 c 4500
003 BLK
005 20201102105548.0
008 180412b bul|||||r ||||||| ||bul||
010 _aKNG00006127000
020 _a954-604-014-2
_bиздат.: Иван Вазов
040 _aBLK
041 _aBUL
_cBUL
080 _aИстория на Република Турция след 1920 г. Вж и 949.61 и 939.2/.3
_b956.0
_x(093)
_z956.0(093)
080 _aПериод на кризата на феодализма, зараждане на капиталистически отношения. Възраждане на българския народ (II пол. на ХVIII в. - 1878 г.)
_b94(497.2)"1750/1878"
_x(093)
_z94(497.2)"1750/1878"(093)
080 _aИстория на балканските държави
_b94(497)
_x(093)
_z94(497)(093)
100 1 _aБейкър, Джеймс
_eпърви автор
_9249420
700 1 _aИлиева, Елия
_eпрев. от англ.
_9249421
700 1 _aПримовска, Ивелина
_eпредг. от
_9249422
139 _aБейкър, Джеймс
_bБ 32
245 1 0 _aЕвропейска Турция
_cДжеймс Бейкър; прев. от англ. Елия Илиева; предг. от Ивелина Примовска.
257 _aGBR
260 София
_bИван Вазов
_c1994
300 _a336 с.
_bс к., табл.
_c20 см
380 _a9
490 1 _aИзвори
500 _aБез сведение за ориг. загл. - 2 000 тир. - Кн. е изд. с конкурс на Нац. център за книгата
650 4 _aТурция - история - извори
_9245082
650 4 _aБългария - история, османско владичество - извори, английски
_9249423
650 4 _aБалкански държави - история, османско владичество - извори
_9249424
651 4 _aТурция
_9179691
651 4 _aБългария
_9241624
653 _aТурция
653 _aБългария
653 _aбалкански държави
653 _aосманско владичество
653 _aистория
653 _aизвори
852 _aЦб 180408
856 4 _qpdf
_u
856 4 _qpdf
_u
942 _cKNG
_n0
_02
944 _aCR
_c15.01.2003
_kЛюдмила_Стоянова
944 _aED
_c14.01.2005
_k
999 _c4955
_d4955